Australian States and Territories Quiz - 30 Second Sprint - Statistics

General Stats
  • This quiz has been taken 45 times
  • The average score is 6 of 8
Answers on the Map
Answers color-coded by a green-red scale on the quiz's map according to % correct below.
 
Answer Stats
State or Territory % Correct
New South Wales
87%
Victoria
84%
Western Australia
84%
Queensland
81%
Tasmania
81%
Northern Territory
71%
South Australia
71%
Australian Capital Territory
55%
No matching quizzes found
Score Distribution
Percent of People with Each Score
Percentile by Number Answered
Your Score History
You have not taken this quiz